000 00888nam a2200217 i 4500
001 11252
003 ES-MaACL
007 t|
008 960327s1994 sp ||||1| spa d
020 _a84-89097-03-8
080 _a347.964(460)(079.1)
100 1 _aMonte Soria, Manuel del.
_982421
245 1 0 _aOficiales de la Administración de Justicia
_b: manual teórico de derecho procesal /
_cManuel del Monte Soria, Juan Carlos Martín del Monte, Isabel Gómez Alcalde.
260 _aMadrid :
_bA. Difusión,
_cD.L. 1994.
300 _a1 v. ;
_c22 cm.
505 8 _aV.I : I. Organización judicial. II. Procedimiento civil. Registro civil
610 1 0 _aCuerpo de Oficiales de la Administración de Justicia-
_vContestaciones para oposiciones.
_93351
700 1 _aMartín del Monte, Juan Carlos.
_977467
700 1 _aGómez Alcalde, Isabel.
_957808
852 _aES-MaACL
_jP-26
_bR.124935
999 _c11252
_d11252